| 000 | 06023nam a22005897a 4500 | ||
|---|---|---|---|
| 005 | 20110627144159.0 | ||
| 010 | _aENG-102666 B-445053-079 | ||
| 020 |
_c395.00 _a9788120343245 |
||
| 035 | _aEN-86199 B-445053-079 | ||
| 037 | _bDBAD / PUB | ||
| 037 | _bAllied Pub/Ven | ||
| 082 | _a530.41 | ||
| 100 |
_aSrivastava, J. P. _941404 |
||
| 245 |
_aElements of solid state physics / _cby J. P. Srivastava |
||
| 250 | _a3rd ed | ||
| 260 |
_aNew Delhi _bPHI Learning _c2011 |
||
| 270 |
_aM-97, Connaught Circus _bNew Delhi _e110001 |
||
| 300 |
_axviii,598p. : _c24cm (pbk) _bill. |
||
| 500 | _aIncludes index. | ||
| 700 | _928520 | ||
| 710 | _928535 | ||
| 942 |
_2ddc _cEN _mSRI _h530.41 |
||
| 999 |
_c53253 _d53253 |
||